000 00622nam a2200205 u 4500
005 20240228063933.0
008 080605s1998 mx r 000 0 spa d
020 _a9681655397
035 _aUPN01000156611
049 _aI
050 4 _aPZ76.3
_bK5.2
100 1 _aKitamura, Satoshi,
_d1956-
_933149
245 1 0 _aArdilla tiene hambre /
_cSatoshi Kitamura.
260 _aMéxico :
_bFCE,
_cc1998.
300 _a[14] p. :
_bprincipalmente il. col.
534 _pTítulo original:
_tSquirrel is hungry
650 0 _aAnimales
_vCuentos y leyendas
_9234
650 4 _aLibros y lectura para niños
_92290
905 _aInfantil
999 _c128725
_d128725